| 000 | 00817nam a22002657a 4500 | ||
|---|---|---|---|
| 999 |
_c24758 _d24758 |
||
| 003 | OSt | ||
| 005 | 20210127013534.0 | ||
| 008 | 170314b xxu||||| |||| 00| 0 eng d | ||
| 010 | _a 2008049817 | ||
| 020 | _a9780470373606 (cloth) | ||
| 020 | _a0470373601 (cloth) | ||
| 035 | _a(OCoLC)ocn276930378 | ||
| 040 |
_aMU _cMMU _dMMU _beng. |
||
| 050 | 0 | 0 |
_aHD30.28 _b.B4575 2010 |
| 082 | 0 | 0 |
_a658.4/012 _222 |
| 245 | 0 | 0 |
_aEconomics of strategy / _cDavid Besanko ... [et al.]. |
| 250 | _a5th ed. | ||
| 260 |
_aHoboken, NJ : _bJohn Wiley & Sons, _cc2010. |
||
| 300 |
_axxv, 593 p. : _bill. ; _c27 cm. |
||
| 500 | _aIncludes bibliographical references and indexes. | ||
| 650 | 0 |
_aStrategic planning _xEconomic aspects. |
|
| 650 | 0 | _aManagerial economics. | |
| 700 | 1 |
_aBesanko, David, _d1955- |
|
| 942 |
_2lcc _cLOAN LOAN |
||